000 00412nam a2200181Ia 4500
001 13471
005 20260306164803.0
008 260306t2015||||xx |||||||||||||| ||spa||
041 _aESP
082 _a004.22
_bN49
100 _aNewman, Sam
_eAUT
245 0 _aBuilding microservices
260 _c2015
300 _a259 páginas :
_c23 cm.
650 _aGEN
654 _aCCC
942 _cLIB
_dJUS
_fJUS
_2ddc
_n
999 _c13471
_d13471